Can you name F1 Team principal - Statistics

General Stats
  • This quiz has been taken 91 times
  • The average score is 6 of 10
Answer Stats
Team Principal % Correct
Mercedes Toto Wolff
97%
Red Bull Christian Horner
94%
Haas Gunther Steiner
76%
Ferrari Mattia Binotto
72%
Alpha Tauri Franz Tost
55%
Alfa Romeo Frederic Vasseur
50%
Mclaren Andreas Seidl
45%
Aston Martin Otmar Szafnauer
44%
Williams Jost Capito
29%
Alpine Marcin Budkowski
9%
No matching quizzes found
Score Distribution
Percent of People with Each Score
Percentile by Number Answered
Your Score History
You have not taken this quiz